Bases de la evolución psíquica; una introducción a la psicología infantil /

Guardado en:
Autor Principal: Koffka, K.
Formato: Libro
Publicado: España : Revista de Occidente, 1926
Materias:
Etiquetas: Agregar Etiqueta
Sin Etiquetas, Sea el primero en etiquetar este registro!
LEADER 00522nam a22001695a 4500
001 CEM.cems003603
005 19000101000000.0
008 130507s1926##################000#0#####d
003 CEMS
082 0 4 |a 136.7 
100 1 |a Koffka, K. 
245 1 0 |a Bases de la evolución psíquica; una introducción a la psicología infantil / 
260 |a España :  |b Revista de Occidente,  |c 1926 
300 |a 296 p. 
653 |a Psicologia del niño 
653 |a Psicologia evolutiva 
859 |a CEMS  |b BIB. CEMS - 11 de abril  |h 136.7  |i K821  |p 494.73  |t Ej.1